000 00357 a2200157 4500
001 152764
040 _cEscola São Tomás de Aquino
100 _aORTHOF, Sylvia
240 1 0 _aO cavalo transparente
_lpor
245 1 0 _aO cavalo transparente
300 _a92
362 0 _a2015
440 1 _aFTD
697 _a*LITERATURA INFANTO JUVENIL
942 _cBK
999 _c152764
_d152764